Szerb-magyar művelődési kapcsolatok (1849-1867)

Bibliographic Details
Main Author: Fried, István, 1934- (Author)
Format: Book
Language:Hungarian
PhysicalDescription:S. 327-340 24 cm
Published: [Novi Sad s. n.] 1982
Edition:[1. vyd.]
Subjects:

MARC

LEADER 00000nam a2200000 a 4500
001 vtls001471484
003 SK-MaSNL
005 20260301203716.0
008 240315s1982 HU 0 hun
015 |a SNBZSA2003-00363 
035 |a SNK000426787 
040 |a SNK  |b slo  |c SNK  |e AACR2 
041 0 |a hun 
044 |a HU 
072 7 |a 82-9  |2 konspekt 
080 |a 82.091(=163.41=511.141)"1849/1867"=511.141  |2 2. slo 
080 |a 930.85(439:497.1)"1849/1867"  |2 2. slo 
100 1 |a Fried, István,  |d 1934-  |4 aut  |9 18725 
245 1 |a Szerb-magyar művelődési kapcsolatok (1849-1867)  |c Fried István 
250 |a [1. vyd.] 
260 |a [Novi Sad  |b s. n.]  |c 1982 
300 |a S. 327-340  |c 24 cm 
500 |a Hlavičkový názov 
500 |a Sep. odt. z: Hungarológiai közlemények 14, 1982, sz. 3 
504 |a Bibliogr. odkazy. Res. maď. a srb. 
650 0 7 |a dejiny kultúrne  |z Srbsko  |z Maďarsko  |y 1849-1867  |2 SNK  |9 587567 
650 0 7 |a Srbi  |x Maďari  |x vzťahy kultúrne  |y 1849-1867  |2 SNK  |9 587568 
650 0 7 |a literárna kritika  |2 konspekt  |9 1138 
655 7 |a separáty  |2 SNK  |9 70334 
958 |a ZS 
958 |a NB 
958 |a HU 
958 |a YU 
958 |a LX 
958 |a OND 
999 |c 903545  |d 905475 
952 |t P60, <03>, [BOOK], {603}  |a SNK  |b SNK  |y PREZ  |7 0  |p 17A0422783  |o snkOSC 22612  |i snkK 1223/2003  |g 1.00  |0 0  |1 0  |4 0  |d 2004-03-22  |l 0  |r 2005-01-02 00:00:00  |w 2026-02-24